[Event "Muensterland Verbandsklasse-A 0203"]
[Site "Muensterland"]
[Date "2003.02.15"]
[Round "6.1"]
[White "Ye, Min Thein"]
[Black "Bosman, Michiel"]
[Result "0-1"]
[WhiteElo "1959"]
[BlackElo "2350"]
[PlyCount "74"]
[EventDate "2002.09.28"]
[EventType "team"]
[EventRounds "9"]
[EventCountry "GER"]
[SourceTitle "EXT 2004"]
[Source "ChessBase"]
[SourceDate "2003.11.25"]
[SourceVersion "1"]
[SourceVersionDate "2003.11.25"]
[SourceQuality "1"]
[WhiteTeam "Muenster SK V"]
[BlackTeam "Emsdetten Turm III"]
[WhiteTeamCountry "GER"]
[BlackTeamCountry "GER"]

1. e4 e6 2. d4 d5 3. Nd2 a6 4. Bd3 c5 5. Ngf3 Nc6 6. exd5 exd5 7. dxc5 Bxc5 8. 0-0 Nge7 9. Ng5 h6 10. Ngf3 0-0 11. Nb3 Ba7 12. h3 Nb4 13. Be2 Bf5 14. Nbd4 Be4 15. c3 Nbc6 16. Be3 Bb8 17. Re1 Qd6 18. g3 Qd7 19. Bf1 Bd6 20. Bg2 Qc7 21. Qd2 Kh7 22. Rad1 Na5 23. b3 b5 24. Ne2 Rfd8 25. Bf4 Bxf4 26. Nxf4 Rac8 27. Nh5 Ng6 28. Qd4 f6 29. Nh4 Nxh4 30. Bxe4+ dxe4 31. Qxe4+ Ng6 32. Rxd8 Rxd8 33. Nf4 Qf7 34. Qf5 Nb7 35. h4 Nd6 36. Qh5 Ne5 37. Rxe5 fxe5 0-1